Použitie vybraných teórií medzinárodných vzťahov a integrácie pri skúmaní SZBP EÚ
Vybrané teórie, ktoré môžu prispieť k vysvetleniu zvýšenej kooperácie a inštitucionalizácie Spoločnej zahraničnej a bezpečnostnej politiky (SZBP) Európskej únie. Racionalistický prístup ako dominantná teoretická koncepcia pri štúdiu európskej integrácie. Teória konštruktivizmu v medzinárodných vzťah...
Enregistré dans:
| Auteur principal: | |
|---|---|
| Format: | Chapitre de livre |
| Langue: | slovaque |
| Sujets: | |
| Tags: |
Pas de tags, Soyez le premier à ajouter un tag!
|
MARC
| LEADER | 00000naa$a2200000$$$4500 | ||
|---|---|---|---|
| 001 | 0053033 | ||
| 005 | 20240502071618.5 | ||
| 041 | 0 | |a slo | |
| 044 | |a SK | ||
| 245 | 1 | 0 | |a Použitie vybraných teórií medzinárodných vzťahov a integrácie pri skúmaní SZBP EÚ |c Jana Hošková |
| 520 | |a Vybrané teórie, ktoré môžu prispieť k vysvetleniu zvýšenej kooperácie a inštitucionalizácie Spoločnej zahraničnej a bezpečnostnej politiky (SZBP) Európskej únie. Racionalistický prístup ako dominantná teoretická koncepcia pri štúdiu európskej integrácie. Teória konštruktivizmu v medzinárodných vzťahoch. Inštitucionalizmus. | ||
| 610 | 2 | 0 | |a vzťahy medzinárodné |
| 610 | 2 | 0 | |a politika zahraničná |
| 610 | 2 | 0 | |a bezpečnosť |
| 610 | 2 | 0 | |a spolupráca medzinárodná |
| 610 | 2 | 0 | |a integrácia |
| 610 | 2 | 0 | |a teórie politické |
| 610 | 2 | 0 | |a normy |
| 610 | 2 | 0 | |a inštitucionalizmus |
| 610 | 2 | 0 | |a Európska únia |
| 100 | 1 | |a Hošková, Jana | |